Formule 1 - Quiz pilote : Carlos Sainz - Statistiques

Statistiques générales
  • Ce quiz a été pris 228 fois
    211 depuis la dernière actualisation
  • Le résultat moyen est 18 sur 22
Statistiques - réponses
Hint Réponse % Correct
Écuries pour lesquelles il a conduit 2021 - 2024 Ferrrari
99%
Écuries pour lesquelles il a conduit Depuis 2025 Williams
99%
Coéquipiers 2021 - 2024 Charles Leclerc
98%
Championnat du monde Nombres de titre pilote 0
97%
Championnat du monde Nombres de titre constructeur 0
97%
Informations de base Arrivée en Formule 1 (année) 2015
97%
Informations de base Nationalité (sportive) Espagne
97%
Écuries pour lesquelles il a conduit 2019 - 2020 McLaren
97%
Coéquipiers 2025 Alexander Albon
95%
Informations de base Numéro de pilote 55
94%
Victoire Nombre de victoire totale 4
93%
Informations de base Surnom Chili ou The Smooth Operator
91%
Coéquipiers 2019 - 2020 Lando Norris
91%
Autres Chanson de victoire Smooth Operator
90%
Écuries pour lesquelles il a conduit 2015 - 2017 Toro Rosso
85%
Coéquipiers 2015 - 2016 Max Verstappen
82%
Écuries pour lesquelles il a conduit 2017 - 2018 Renault
82%
Coéquipiers 2017 - 2018 Nico Hulkenberg
65%
Coéquipiers 2016 - 2017 Daniil Kvyat
48%
Victoire 1ère victoire Grand Prix de Grande-Bretagne 2022
40%
Informations de base Date de naissance 1 septembre 1994
32%
Informations de base Nom complet Carlos Sainz Vázquez de Castro Cenamor Rincón Rebollo Birto Moreno de Aranda de Anteruriaga Tiapera Deltún
13%
Aucun quiz correspondant
Distribution des résultats
% des personnes avec chaque résultat
Percentile par nombre de réponses
Votre historique - résultats
Vous n’avez pas pris ce quiz depuis la dernière actualisation